000 01396nam a22003617a 4500
003 CHAP
005 20220329143816.0
008 110919s2009 es r 00010 spa d
010 _a102133
011 _a103105
020 _a9788473512848
035 _a113794
040 _cCHAP
082 0 4 _a350.946
_bR24
245 0 0 _aReducir el papeleo :
_bcomparación internacional de las cargas administrativas
_c/editado por Instituto Nacional de Administración Pública
260 _aMadrid :
_bINAP :
_bOCDE,
_c2009
300 _a244 p. :
_banexos, cuadros, gráfs., tablas
490 _aEstudios y documentos
500 _aIncluye notas y referencias bibliográficas.
534 _pTít. original :
_tCutting red tape. Comparing administrative burdens across countries.
_cParis : OECD, c.2007.
590 _aBATCH-UPD
_b10
_c20130110
_lUCH01
_h1821
590 _aBATCH-UPD
_b10
_c20130410
_lUCH01
_h1155
590 _aBATCH-UPD
_b10
_c20130914
_lUCH01
_h1212
590 _aCONVERSION
_b10
_c20130109
_lUCH01
_h1356
650 1 4 _aAdministracion publica.
_9934
650 1 4 _aDocumentación.
_933172
650 1 4 _aProcedimientos administrativos.
_991712
710 2 _aInstituto Nacional de Administración Pública. España
_e, ed.
_959283
830 0 _aEstudios y documentos
_938561
901 _aBK
942 _cLIBRO
949 _a350.946 R24
_bBC
_cLIBRO
_d33724002310488
_eLIBRO
_h115840
_i113794
_sb
999 _c102133
_d102133